00353nam a2200121 a 4500008004100000050001800041100001900059245004400078246004800122260003100170300002100201350000900222120416s1980 ||||||||||||||||| || u aHG 188.J3 Suz aSuzuki, Yoshio10aMoney and banking in contemporary Japan athe theoretical setting and its application aLondonbYale Univ. Pc1980 axx, 226p. : ill. a0.00